départements 1 - 40 - Statistiques

Statistiques générales
  • Ce quiz a été pris 43 fois
  • Le résultat moyen est 28 sur 40
Statistiques - réponses
Numéros Départements % Correct
1 ain
94%
2 aisne
88%
13 bouches du rhone
82%
3 allier
79%
11 aude
79%
10 aube
76%
14 calvados
76%
19 correze
76%
22 cotes d'armor
76%
29 finistere
76%
33 gironde
73%
5 hautes alpes
73%
38 isere
73%
6 alpes maritimes
70%
9 ariege
70%
12 aveyron
70%
16 charente
70%
17 charente maritime
70%
34 herault
70%
35 ille et vilaine
70%
39 jura
70%
4 alpes de haute provence
67%
7 ardeche
67%
8 ardennes
67%
15 cantal
67%
18 cher
67%
20 corse
67%
21 cote d'or
67%
23 creuse
67%
31 haute garonne
67%
36 indre
67%
24 dordogne
64%
25 doubs
64%
27 eure
64%
28 eure et loir
64%
30 gard
64%
37 indre et loire
64%
40 landes
64%
26 drome
58%
32 gers
58%
Aucun quiz correspondant
Distribution des résultats
% des personnes avec chaque résultat
Percentile par nombre de réponses
Votre historique - résultats
Vous n’avez pas pris ce quiz